LEADER 01263nam2-22003971i-450- 001 990008360730403321 005 20090313131903.0 010 $a88-7011-975-0 035 $a000836073 035 $aFED01000836073 035 $a(Aleph)000836073FED01 035 $a000836073 100 $a20060710d2005----km-y0itay50------ba 101 1 $aita$ceng 102 $aIT 105 $aa-------001yy 200 1 $a<>cooperazione internazionale a un bivio$fUNDP$gtraduzione dall'inglese di Christine Cavagnet ... [et. al.] 210 $aTorino$cRosenberg & Sellier$d2005 215 $a432 p.$ctab., graf.$d28 cm 454 0$12001$aHuman development report 2005$939442 461 0$1001000391302$12001$aRapporto su Lo sviluppo umano$v16 517 1 $aRapporto 2005 su Lo sviluppo umano 610 0 $aEconomia$aCooperazione internazionale 676 $a306.3$v21$zita 676 $a337$v21$zita 676 $a327.17$v21$zita 710 02$aUnited Nations Development Programme$0118788 801 0$aIT$bUNINA$gRICA$2UNIMARC 901 $aBK 912 $a990008360730403321 952 $aM/2 RAP/15$b20541$fSES 952 $a306.3 UNDP 16$b3047$fBFS 959 $aSES 959 $aBFS 996 $aHuman development report 2005$939442 997 $aUNINA LEADER 04127oam 2200685 c 450 001 9910413352603321 005 20260302090207.0 010 $a3-8309-7999-1 024 3 $a9783830979999 035 $a(CKB)4330000000531394 035 $a(Waxmann)9783830979999 035 $a(EXLCZ)994330000000531394 100 $a20260302d2013 uy 0 101 0 $ager 135 $aurnnunnnannuu 181 $ctxt$2rdacontent 182 $cc$2rdamedia 183 $acr$2rdacarrier 200 00$aGrundlegende Kompetenzen Erwachsener im internationalen Vergleich $eErgebnisse von PIAAC 2012 /$fBeatrice Rammstedt, Daniela Ackermann, Susanne Helmschrott, Anja Klaukien, Débora B. Maehler, Silke Martin, Natascha Massing, Anouk Zabal 205 $a1st ed. 210 $aMünster$cWaxmann$d2013 215 $a1 online resource (230 p.) 311 08$a3-8309-2999-4 330 $aPIAAC, das von der OECD durchgeführte Programme for the International Assessment of Adult Competencies, untersucht, wie gut Erwachsene in den verschiedenen Ländern auf die Herausforderungen der Wissensgesellschaft vorbereitet sind. Hierzu wurden zentrale Grundkompetenzen der Bevölkerung in über 20 Ländern weltweit erhoben und verglichen. Erfasst wurde die Lesekompetenz, die Alltagsmathematische Kompetenz und Technologiebasiertes Problemlösen. PIAAC liefert Informationen darüber, inwieweit sich die erwachsene Bevölkerung in diesen Grundkompetenzen unterscheiden und welche Faktoren deren Erwerb und Erhalt bedingen. Ergänzend werden die Auswirkungen auf die gesellschaftliche und insbesondere wirtschaftliche Teilhabe beleuchtet. Dies erlaubt Rückschlüsse auf die Qualität von Bildungssystemen sowie darauf, inwieweit die grundlegenden Kompetenzen auf dem Arbeitsmarkt genutzt werden. Die Ergebnisse bieten somit Politik und Bildungspraxis eine empirisch fundierte Basis für die Eruierung von Veränderungsbedarf und die Entwicklung entsprechender Fördermaßnahmen. Dieses Buch präsentiert und diskutiert, welche Werte Erwachsene in Deutschland in den drei Grundkompetenzen im internationalen Vergleich erreicht haben und inwiefern sich diese Kompetenzen zum Beispiel zwischen Bildungsgruppen und Generationen unterscheiden. Eine Betrachtung der Zusammenhänge zwischen den grundlegenden Kompetenzen und zentralen Merkmalen des Arbeitsmarktes, wie der Teilhabe am und den Anforderungen des Arbeitsmarktes sowie dem Einkommen, runden den Bericht ab. In Deutschland wurde PIAAC vom Bundesministerium für Bildung und Forschung (BMBF) unter Beteiligung des Bundesministeriums für Arbeit und Soziales (BMAS) in Auftrag gegeben. Verantwortlich für die Durchführung der Studie war GESIS ? Leibniz-Institut für Sozialwissenschaften. 606 $aPIAAC 606 $aGrundlegende Kompetenzen Erwachsener 606 $aInternational Assessment of Adult Competencies 606 $aOECD 606 $aSchlüsselkompetenzen 606 $aLesekompetenz 606 $aalltagsmathematische Kompetenz 606 $aProblemlösekompetenz 606 $aBildung und Erziehung 606 $aErwachsenenbildung 606 $aPädagogische Psychologie 615 4$aPIAAC 615 4$aGrundlegende Kompetenzen Erwachsener 615 4$aInternational Assessment of Adult Competencies 615 4$aOECD 615 4$aSchlüsselkompetenzen 615 4$aLesekompetenz 615 4$aalltagsmathematische Kompetenz 615 4$aProblemlösekompetenz 615 4$aBildung und Erziehung 615 4$aErwachsenenbildung 615 4$aPädagogische Psychologie 701 $aAckermann$b Daniela$01204705 701 $aHelmschrott$b Susanne$01204706 701 $aKlaukien$b Anja$01204707 701 $aMaehler$b Débora B$01204654 701 $aMartin$b Silke$01204708 701 $aMassing$b Natascha$01204709 701 $aZabal$b Anouk$01204641 702 $aRammstedt$b Beatrice$4edt 801 0$bWaxmann 801 1$bWaxmann 906 $aBOOK 912 $a9910413352603321 996 $aGrundlegende Kompetenzen Erwachsener im internationalen Vergleich$92780379 997 $aUNINA